01279cam a22002895a 45000010009000000050017000090080041000260200029000670400038000960820021001342450129001552600060002843000034003445000024003785040041004026500034004436500035004776500030005126510010005426530048005527000032006007000034006329420021006669990017006879520150007049520135008541754537320201128021304.0121130t2013 enka frb 001 0 eng d a9780857937193 (hardback) aDLCbengcDLCdEG-ScBUEdEG-ScBUE04a658.421bCRE22200aCreativity and entrepreneurship :bchanging currents in education and public life /cedited by Lynn Book, David P. Phillips. acheltenham :bEdward Elgar Publishing limited,cc.2013. axxv, 176 p. :bill. ;c24 cm. aIndex : p. 171-176. aIncludes bibliographical references. 7aEntrepreneurship.2BUEsh9240 0aBusiness and education.2BUEsh 0aEducation, Higher.2BUEsh 2BUEsh bBUSADMcJune2015cOctober2015cNovember20151 aBook, lynn,eeditor.9330131 aPhillips, David P., eeditor. 2ddck658.421 CRE c19575d19547 00102ddc40708BaccahaMAINbMAINc1STd2015-06-11ePurchaseg750.00l4m2o658.421 CREp000038444r2025-07-15 00:00:00s2019-10-16v937.50yBB 00102ddc40708BaccahaMAINbMAINc1STd2015-06-11ePurchaseg750.00l0o658.421 CREp000038440r2025-07-15 00:00:00v937.50yBB